|
|
|
|
| LEADER |
00000cam a2200000 7i4500 |
| 001 |
0000049516 |
| 005 |
20080124.0 |
| 020 |
|
|
|a 9677001868
|
| 090 |
0 |
0 |
|a 346.595116046
|b MAL
|
| 245 |
0 |
0 |
|a Federal Terrotory (Planning) .
|p Akta (Perancangan) Wilayah Persekutuan
|
| 260 |
|
|
|a Kuala Lumpur :
|b MDC Penerbit Pencetak Sdn.Bhd. ,
|c 1995
|
| 300 |
|
|
|a 118p. ;
|c 25cm.
|
| 650 |
0 |
0 |
|a City planning and redevelopment law
|z Wilayah Persekutuan (Kuala Lumpur)
|
| 650 |
0 |
0 |
|a Land use
|x Law and legislation
|z Malaysia
|
| 999 |
|
|
|a 041871
|b AKTA - KOLEKSI UNDANG-UNDANG
|c AKTA
|e PERPUSTAKAAN KOMUNITI PETALING JAYA
|